[Event "Skopje op 18th"]
[Site "Skopje"]
[Date "2002.01.18"]
[Round "4"]
[White "Kurajica, Bojan"]
[Black "Dworakowska, Joanna"]
[Result "1-0"]
[WhiteElo "2539"]
[BlackElo "2441"]
[Annotator "Tyomkin,D"]
[PlyCount "60"]
[EventDate "2002.01.15"]
[EventType "swiss"]
[EventRounds "9"]
[EventCountry "MKD"]
[SourceTitle "CBM 088"]
[Source "ChessBase"]
[SourceDate "2002.03.21"]
[SourceVersion "1"]
[SourceVersionDate "2002.03.21"]
[SourceQuality "1"]

1. d4 f5 2. g3 Nf6 3. Bg2 g6 4. Nh3 Bg7 5. Nf4 Nc6 6. d5 Ne5 7. h4 {7.Nc3
following by h4 is more popular here, however 7. h4 following by h5 has its'
point;} (7. Nc3 {Tyomkin,D} O-O 8. h4 c6 9. h5 Qe8 $1 $146 {[%csl Gg6][%cal
Ge7e6] a best place for black queen-controling light squares} (9... cxd5 {
Tyomkin,D} 10. hxg6 hxg6 11. Ncxd5 Nxd5 12. Bxd5+ e6 13. Bg2 Qb6 14. c3 d5 15.
Qb3 Qxb3 16. axb3 Kf7 $14 {Pugachev-Rublevsky, USSR 1991}) 10. hxg6 hxg6 11. a4
d6 12. Be3 Nfg4 13. Bd4 e6 14. dxc6 bxc6 15. Nb5 Qd7 16. Bxe5 Nxe5 17. Nxd6 Ba6
$1 18. c4 Rab8 19. b3 Rb4 20. O-O {0-1 Zakharevich,I-Lastin,A/RUS-ch 1996 (29)}
) 7... c6 $146 {7...Nf7 is smarter move because it prevents 8.h5;} (7... Nf7 8.
c4 (8. h5 g5 {[%csl Gh6] and black controls h6 square here;}) 8... O-O 9. Nc3
e5 10. dxe6 dxe6 $11 {0-1 Granero Roca,A-Teran Alvarez,I/Cala Galdana 1999/EXT
2000 (33). (33)}) 8. h5 Qb6 (8... Nfg4 9. f3 {[%cal Gh5h6]}) 9. c3 {9.Be3
would sacrifice b2, but white gets very strong position there; This way was
objectively stronger than the game continuation, where black has good chances
to equalize;} (9. Be3 $5 Qxb2 10. Bd4 Qb4+ 11. c3 Qd6 12. hxg6 $44) 9... Neg4
10. Qd4 Nxh5 $6 {10...e5 would probably lead to balanced ending;} (10... Qxd4
11. cxd4 Nxd5 12. Bxd5 cxd5 13. Nxd5 $14 {[%cal Gd5c7]}) (10... e5 $142 11.
dxe6 dxe6 12. hxg6 e5 13. Qxb6 axb6 14. f3 exf4 15. fxg4 Nxg4 16. Rxh7 Rxh7 17.
gxh7 fxg3 $11 {[%csl Yg3,Yh7][%cal Gg4f6,Gc1f4] and it gonna be a draw after
trade of g3 for h7;}) 11. Qxb6 axb6 12. Nxh5 gxh5 13. Rxh5 Nf6 (13... e6 14.
dxe6 (14. d6 $5 {trying to keep Bc8 blocked for a while;} Bf8 15. Bf4 e5 16.
Bc1 Bxd6 17. f3 Nf6 18. Rxf5 Be7 $1 {[%cal Gd7d6,Yc8f5]} 19. Rxe5 d6 20. Re3
Rg8 $44) 14... dxe6 15. Nd2 $14 {[%cal Ge2e4,Yd2c4]}) 14. Rxf5 d6 15. Rf4 Bh6
$2 {It just blunders following idea of white;} (15... Nxd5 $142 16. Bxd5 cxd5
17. Rb4 {[%cal Gc1e3] white gains a pawn, but black would have good
compensation because of pair of bishops advantage;}) (15... cxd5 16. Rb4 Ra6
17. Be3 $16) 16. dxc6 Bxf4 17. Bxf4 $16 Rb8 $2 {Black could get rid of
annoying c-pawn of white following way:} (17... Ra7 18. c7 Kd7 19. Na3 Ra5 $1 {
[%csl Gb5][%cal Ya3b5] -and black has won a tempo comparing it to the game,
however white is still better:} 20. c4 Kxc7 21. Nb5+ Kd7 22. e4 {[%cal Ge4e5]
white pieces are very active here, but black has weaknesses all over including
the king;}) 18. c7 Ra8 19. Na3 Kd7 20. Nb5 Ra5 21. a4 Rxb5 (21... h5 22. Be5 $3
$18 {[%cal Ge5f6,Ye5d4,Yd4b6] this move wins at once, although white has
advantage in other lines too mostly thanks to c7-pawn supported by Nb5;} dxe5
23. Rd1+ {[%cal Gd1d8]} Ke6 24. Rd8 Rg8 25. Rxg8 Nxg8 26. Bh3+ $18) 22. axb5
$18 Kxc7 23. Bg5 {White is just pawn up and winning;} Rf8 24. Ra4 $1 {[%cal
Ya4h4] White rook is very powerful over 4th rank, having access to black
weaknesses on the kingside;} Bd7 25. Rc4+ Kb8 26. Rh4 {[%cal Gg5f6,Yh4h7]} Bxb5
27. Bxf6 Rxf6 28. Rxh7 Re6 29. Bf1 Bc6 30. Rh8+ Kc7 (30... Ka7 31. Bh3 Rf6 32.
f4 $18 {[%cal Ge2e3,Yg3g4,Yg4g5] White easily wins here by advancing kingside
pawns;}) (30... Kc7 $4 31. Bh3 {[%cal Yh8c8]}) 1-0

[Event "GER-ch 70th"]
[Site "Bremen"]
[Date "1998.11.08"]
[Round "3"]
[White "Glienke, Manfred"]
[Black "Keitlinghaus, Ludger"]
[Result "1-0"]
[WhiteElo "2395"]
[BlackElo "2485"]
[Annotator "Tyomkin,D"]
[PlyCount "83"]
[EventDate "1998.11.06"]
[EventType "swiss"]
[EventRounds "9"]
[EventCountry "GER"]
[SourceTitle "CBM 068"]
[Source "ChessBase"]
[SourceDate "1999.02.01"]
[SourceVersion "1"]
[SourceVersionDate "1999.02.01"]
[SourceQuality "1"]

1. d4 f5 2. g3 Nf6 3. Bg2 e6 {Preparing to build Stonewall.} 4. Nh3 $1 g6 {
Changing plans at once!} 5. Nf4 $146 {[%mdl 4] This monouevre(Ng1-h3) is very
usefull for White in both Dutch setups:Stonewall and Leningrad.} (5. c4 Bg7 6.
Nc3 d5 7. Nf4 c6 8. e3 dxc4 9. Qe2 Nd5 10. Qxc4 $16 {Gervasio-Mothes/Paris ch
1993/1-0(56)}) 5... Bg7 6. h4 O-O 7. c3 (7. h5 g5 8. h6 Bh8 9. Nh3 g4 10. Nf4
d6 {[%cal Ge6e5,Yc7c6]}) 7... Nc6 8. Nd2 {[%cal Ge2e4]} d5 {This setup looks
very unnatural for black-mix of Leningrad and Stonewall in addition to that
knight on-c6.} 9. h5 {White leads the standard plan with Nf4 and h4-h5 which
is usefull in this position too.} g5 10. h6 $1 {Otherwise black plays h7-h6.}
gxf4 (10... Bh8 11. Nh3 g4 12. Nf4 $14) (10... Bxh6 11. Nxe6 Bxe6 12. Rxh6 $16)
11. hxg7 Rf7 12. gxf4 Rxg7 13. Bf1 Bd7 14. Nf3 Be8 15. Ng5 Qe7 16. Qd3 Nd8 17.
Qh3 Bb5 $2 (17... Ne4 $142 18. f3 Nxg5 19. fxg5 c5 20. dxc5 Qxc5 $132) 18. b3 {
[%cal Ga2a4,Yc1a3] Bc1 has not opponent on black squares,and white finds it
perfect diagonal a3-f8.} Nf7 19. a4 Ba6 20. f3 c5 21. Ba3 b6 22. Qh4 Nxg5 23.
fxg5 Nd7 24. f4 Nf8 25. Qf2 Rc8 26. b4 cxb4 (26... cxd4 27. b5 Qc7 28. Rc1 $1)
27. Bxb4 Qc7 28. a5 Bb5 29. e3 $2 (29. Qe3 $142 Rg6 30. Bg2 $16 {[%cal Gg2f3,
Gf3h5,Ye1f2]}) 29... Bxf1 30. Qxf1 Nd7 31. Rh6 Nb8 $4 {[%mdl 8192] It looks
like time-trouble blunder.} (31... Rg6 32. Rxg6+ (32. Qh3 Nf8) (32. Rh2 Rxg5 $1
{[%csl Rh2]}) 32... hxg6 33. Qh3 {[%cal Gh3h6,Ya1a2]} bxa5 (33... Nf8 34. axb6
axb6 35. Qh6 $16) 34. Rxa5 Rb8 $1 {[%cal Rb8b4]}) 32. Rxe6 $18 Nc6 33. axb6 Qd7
(33... Qxb6 34. Ra6 Qb7 {[%tqu "En","","","","a6c6","",10]} 35. Raxc6 $1 Rxc6
36. Re8+ Kf7 37. Rf8+ $18 {[%cal Gf1h3]}) (33... axb6 34. Qb5 Nxb4 35. Re8+ $1
$18) 34. Rxc6 (34. Rd6 Qb7 (34... Qe8 35. Qf3) 35. Qb5 $18) 34... Qxc6 35. bxa7
Ra8 36. Bc5 Qe6 37. Kf2 Rb7 38. Rb1 Rbxa7 39. Bxa7 Rxa7 40. Rb8+ Kg7 41. Qb1
Qf7 42. Qb6 {[%cal Rb6h6]} 1-0

[Event "Escaldes zt"]
[Site "Escaldes"]
[Date "1998.11.09"]
[Round "4"]
[White "Speelman, Jonathan S"]
[Black "Reinderman, Dimitri"]
[Result "1/2-1/2"]
[WhiteElo "2600"]
[BlackElo "2540"]
[Annotator "Tyomkin,D"]
[PlyCount "67"]
[EventDate "1998.11.06"]
[EventType "swiss"]
[EventRounds "9"]
[EventCountry "AND"]
[SourceTitle "CBM 068"]
[Source "ChessBase"]
[SourceDate "1999.02.01"]
[SourceVersion "1"]
[SourceVersionDate "1999.02.01"]
[SourceQuality "1"]

{[%mdl 32]} 1. d4 f5 2. g3 Nf6 3. Bg2 g6 4. Nf3 Bg7 5. O-O O-O 6. b4 {There
were many new games in this line this year.Players who plays against Dutch
with white found 6.b4 usefull.} Nc6 $146 {[%mdl 8] Completely new way of
development.Black tried many ways of development ans some of them are very
attractive.I selected only new and good stuff below(some games you could find
in past CBMagazines):} (6... Ne4 {Tyomkin,D} 7. c4 e6 $146 (7... d6 8. Bb2 Nd7
9. Nbd2 Nxd2 10. Qxd2 c6 (10... e5 $5 11. dxe5 Nxe5 (11... dxe5 12. Qd5+ Kh8
13. Nxe5 c6 14. Qd6 Nxe5 15. Bxe5 Qxd6 16. Bxd6 Re8 17. Rad1 Rxe2 18. Rfe1 $16)
12. Rac1 $14 (12. Qd5+ $6 Nf7)) 11. d5 $146 Bxb2 12. Qxb2 cxd5 13. Nd4 Nf6 14.
cxd5 $14 {/=()Sadler,M-Malaniuk,V/Lucerne 1997/1/2-1/2CBM 62/[Tyomkin,D] (28)})
8. Bb2 b6 9. Nc3 Bb7 10. Rc1 a5 11. b5 d6 12. Ne1 Nxc3 13. Bxc3 Bxg2 14. Nxg2
Nd7 15. Nf4 Qe7 16. d5 Nc5 17. dxe6 Nxe6 18. Bxg7 Kxg7 19. Nd5 Qf7 $11 {
Bareev,E-Malaniuk,V/Groningen 1997/1-0CBM 63/[Tyomkin,D] (61)}) (6... d6 7. Bb2
Qe8 (7... h6 8. c4 g5 9. d5 a5 10. a3 axb4 11. axb4 Rxa1 12. Bxa1 Na6 13. Qb3
Kh8 14. Nbd2 Qe8 15. Nd4 $14 {Giorgadze,G-Tocco,P/San Marino 1998/1-0(53)}) (
7... Nc6 8. b5 (8. a3 e5 (8... Qe8 9. d5 Nd8 10. c4 $14 {Mochalov,E-Malaniuk,V/
Zepter Open, Minsk BLR 1998/1-0(40)}) 9. dxe5 Ng4 10. c4 Ncxe5 $11 {Voloshin,
L-Malaniuk,V/Czech Open, Pardubice CZE 1998/1/2-1/2(64)}) 8... Na5 9. Nbd2 a6
10. bxa6 Rxa6 11. c4 e6 12. Qc2 Bd7 $11 {Gofshtein,L-Bosch,J/Hoogeveen NED
1998/1/2-1/2(35)}) (7... e5 8. dxe5 Ng4 9. h3 Nxe5 10. Qd5+ Nf7 11. Bxg7 Kxg7
12. Qd4+ Qf6 13. Qxf6+ $14 {Summerscale,A-Wall,T/4NCL, Telford ENG 1997/1-0(80)
}) 8. c4 Nc6 9. b5 Nd8 10. Nc3 (10. Qb3 Nf7 11. Nc3 g5 12. Nd2 Kh8 13. Nd5 Nxd5
14. cxd5 Bd7 15. a4 $14 {Sadler,M-Danielsen,H/Open, Koge DEN 19971-0(42)}) (10.
Nbd2 Nf7 11. d5 (11. a4 Kh8 12. Re1 e5 13. dxe5 dxe5 14. e4 $14 {Giddins,
S-Reinderman,D/Antwerp BEL 1998/0-1 (33)}) 11... g5 12. e3 h6 13. Qc2 Ng4 14.
Bxg7 Kxg7 15. Nd4 $16 {Leitao,R-Martins,C/ch-BRA, Rio de Janeiro BRA 1998/1-0
(41)}) 10... Kh8 11. Re1 a6 12. a4 axb5 13. cxb5 c6 14. b6 Be6 15. a5 Nd5 $13 {
Van Wely,L-Illescas Cordoba,M/Hoogovens, Wijk aan Zee NED 1997/1-0(65)}) (6...
c6 7. c4 Kh8 {[%cal Gd7d6,Yc8e6]} (7... d6 8. Bb2 Be6 (8... Na6 9. Qb3 Nc7 10.
a4 h6 $6 (10... Kh8 $142 $5 {[%cal Gc8e6]}) 11. Nc3 {Nielsen,P-Kristensen,B/
ch-DEN, Taastrup DEN 1998/1/2-1/2[CBM65](30)}) 9. d5 $1 cxd5 (9... Bd7 $14 {
[%csl Rb8]}) 10. cxd5 Bf7 11. Ng5 Na6 12. Nxf7 $14 {Gofshtein,L-Palatnik,S/
Invitational, Rishon LeZion ISR 1997/1-0(32)}) (7... a5 8. b5 a4 9. Nc3 Ne4 10.
Qc2 (10. Nxa4 $6 Qa5 11. Nb2 cxb5 12. c5 b6 $15) 10... Nxc3 11. Qxc3 d6 12. Ba3
Kh8 13. Qe3 cxb5 14. cxb5 Nd7 $2 (14... h6 {[%csl Gg5]} 15. Rab1 (15. Rac1 Ra5
{[%csl Rb5]}) 15... Nd7 16. d5 {[%cal Gf3d4]}) 15. Ng5 $1 $16 {Schandorff,
L-Kristensen,B/ch-DEN, Taastrup DEN 1998/1-0(41)}) 8. Bb2 Na6 9. Qb3 Nc7 10.
Nc3 d6 11. Rad1 Be6 12. d5 cxd5 13. cxd5 Bg8 14. e4 (14. Ng5 Qd7 (14... h6 15.
Nh3 {[%cal Gh3f4]} (15. Ne6 $6 Nxe6 16. dxe6 Qc8 {[%csl Re6]}))) 14... fxe4 15.
Ng5 e3 {1/2-1/2 Nogueiras,J-Garcia Ilundain,D/Villa Clara 1998 (15)}) (6... d5
7. c4 (7. Qd3 Kh8 8. c4 dxc4 9. Qxc4 Nbd7 10. Bf4 c6 11. Nc3 Nb6 12. Qb3 Nbd5
$11 {Ioseliani,N-Hoang Thang Trang/Elista RUS 1998/0-1(43)}) 7... dxc4 8. Qc2
Be6 9. Ng5 Bd5 10. Bxd5+ Qxd5 11. Nc3 Qd7 12. Na4 Qd5 13. Nc3 Qd7 14. Na4 Qd5
15. Nc3 {1/2-1/2 Hoffman,A-Rodriguez,A/Cordoba ARG 1998 (15)}) 7. a3 (7. b5 $6
Na5 {[%csl Rb5,Yc4]}) 7... Ne4 (7... d6 8. d5 $1) 8. Bb2 (8. Ra2 $5 {[%cal
Gd4d5]} d5 $1 9. Bf4 $11) 8... d6 9. Nbd2 e5 10. b5 (10. dxe5 Nxd2 11. Nxd2
Nxe5 (11... dxe5 12. Bxc6 $5 $14)) (10. d5 Nxd2 11. dxc6 Nxf3+ $1 (11... Nxf1
12. Qd5+ Kh8 13. cxb7 Bxb7 14. Qxb7 $16)) 10... Nxd2 (10... Nxd4 11. Nxe4 (11.
Nxd4 Nxd2 (11... exd4 {-11.Nxe4}) 12. Qxd2 exd4 {-like in the game}) 11...
Nxf3+ (11... fxe4 12. Nxd4 exd4 13. Bxd4 $16) 12. Bxf3 fxe4 13. Bxe4 $14 {
[%csl Ge4]}) 11. Qxd2 Nxd4 12. Nxd4 exd4 13. Bxd4 $14 {White has clear but
slight advantage.Actually black can get a draw by accurate defence.} Qe7 14. e3
a6 15. a4 Rb8 16. Ra3 (16. Rfb1 b6 {[%cal Ga6b5,Yc8b7,Ga6a5]}) (16. b6 $6 c6)
16... b6 17. Rc3 Kh8 18. Rb1 axb5 19. axb5 Bb7 20. Bxb7 Rxb7 21. Ra1 {White
has control over a-file,but it doesn't help so much-to get to the 7th or 8th
rank white has to change pair of rooks.The same structure was in the game
Shipov-Malaniuk,Russian Club Cup,1998 and also their black easily defended.}
Re8 22. Raa3 {[%cal Ya3c3,Gd4g7,Yd2d5] The idea to defend the rook on c3.Now
white plans to take on-g7 and to play Qd5.} Qf7 {Stops opponent's idea for few
moves.} 23. Bxg7+ Kxg7 24. Qd4+ Kg8 25. Rc4 h5 26. Qc3 Kh7 27. Rd4 Rbb8 28. Ra7
Re7 29. Qc6 {White maximally improved his position,but that's not enough to
break the defence.} Rd8 30. c4 (30. Rc4 Rc8 31. Rc3 Qe6) 30... Rdd7 31. h4 Kg7
32. Kh2 Re5 33. Rd5 Ree7 34. Rd4 1/2-1/2

[Event "Moscow Aeroflot op"]
[Site "Moscow"]
[Date "2002.02.05"]
[Round "2"]
[White "Korobov, Anton"]
[Black "Kim, Alexey"]
[Result "0-1"]
[WhiteElo "2511"]
[BlackElo "2414"]
[Annotator "Tyomkin,D"]
[PlyCount "96"]
[EventDate "2002.02.04"]
[EventType "swiss"]
[EventRounds "9"]
[EventCountry "RUS"]
[SourceTitle "CBM 088"]
[Source "ChessBase"]
[SourceDate "2002.03.21"]
[SourceVersion "1"]
[SourceVersionDate "2002.03.21"]
[SourceQuality "1"]

1. d4 f5 2. g3 Nf6 3. Bg2 g6 ({The following line leads to the same position
as in the game, but by different order of moves:} 3... d6 4. Nf3 g6 5. c3 Bg7
6. Qb3 c6 7. Nbd2 d5 8. O-O (8. Ne5 O-O 9. O-O e6 10. Nd3 Nbd7 11. f3 Kh8 12.
e4 $14 {0-1 Szabolcsi,J-Legky,N/Val Thorens 1990/EXT 99 (27). (27)}) 8... O-O
9. c4 e6 10. Ne5 Nbd7 11. Nxd7 (11. Nd3 $5 Ne4 12. Nf3 $13) 11... Qxd7 12. Nf3
Ne4 13. Qc2 Qe7 14. Bf4 Bd7 15. Rad1 $14 {1-0 Armas,J-Adla,D/Matanzas 1992/CBM
29 ext (51). (50)}) 4. c3 Bg7 5. Qb3 c6 6. Nd2 d5 7. Ngf3 {The development of
Ng1 to h3 and then to f4, looks more logical from strategical point of view:} (
7. Nh3 O-O 8. Nf3 Ne4 (8... Kh8 9. Nf4 Na6 10. h4 Ne4 11. h5 g5 12. Nxg5 (12.
h6 $142 Bf6 13. Nh5 $14) 12... Nxg5 13. Ng6+ hxg6 14. hxg6+ Kg8 15. Bxg5 Qd6
16. Bf3 Nc7 (16... Qxg6 $2 17. Bxe7 {[%cal Gf3h5]}) (16... e5 $142 $5) 17.
O-O-O Ne6 18. Bh6 $40 {1-0 Baikov,V-Shevelev,I/Moscow 2001/EXT 2002 (34). (33)}
) 9. Nf4 e6 (9... Qe8 10. h4 e6 11. Nd3 Nd7 12. Bf4 b6 13. c4 Ba6 14. cxd5 cxd5
15. Qa3 Bb5 16. O-O $14 {[%csl Ga3,Ra7][%cal Gc1c8] 1-0 Levin,F-Schuetze,M/MVP
2000/EXT 2001 (35)}) 10. Nd3 Nd7 11. O-O b6 12. c4 Bb7 13. Rd1 Qe7 $11 {
0-1 Laveryd,P-Berg,E/Katrineholm 1999/CBM 71 (51). (51)}) 7... O-O 8. O-O (8.
Ne5 e6 9. f4 $6 b6 $6 (9... Nbd7 $142 {[%cal Gf6e4]}) 10. O-O Bb7 11. a4 Nbd7
12. a5 Nxe5 13. fxe5 $14 (13. dxe5 $6 {1/2-1/2 Petran,P-Manik,M/Bratislava
1994/EXT 99 (51). (50)})) 8... e6 9. Qc2 {There was no reason to remove white
queen from b3;} (9. Ne5 {[%cal Ge5d3,Yc3c4,Yf2f3,Ye2e4] moving the knight to
d3, while the other one can be placed on f3; On the other hand white may
advance e2-e4 by playing f2-f3 first; Ne5 was very useful move in all cases;})
9... Nbd7 10. c4 h6 11. b4 Ne4 12. Bb2 Qe8 13. a4 (13. b5 cxb5 14. cxb5 Nb6 (
14... g5 $5 {[%cal Gg5g4]}) 15. a4 Bd7 $132 {[%cal Ga8c8,Yb6c4]}) 13... g5 14.
Rfc1 g4 15. Ne1 $2 {Missing following idea of black;} (15. Ne5 Nxe5 16. dxe5
$14 {White got space advantage and black doesn't have clear ways to attack
white king;}) 15... Nxd2 16. Qxd2 Nb6 {[%csl Rc4] Black has reached c4-spot-
white knight is too far from it;} 17. c5 (17. cxd5 exd5 $15 {[%cal Gb6c4,Gf5f4]
}) 17... Nc4 18. Rxc4 $1 {Black would break thru the centre in other cases-
white is lacking his knight on d3 to control f4 and e5 spots;} (18. Qc2 e5 $17
{[%cal Gf5f4]}) 18... dxc4 19. Qc3 e5 $1 {[%cal Gc8e6] Solving the problem of
light square bishop by this move;} 20. d5 $1 (20. Qxc4+ Be6 21. d5 cxd5 22.
Bxd5 Bxd5 23. Qxd5+ Qf7 $17) 20... cxd5 21. Bxd5+ Be6 $1 {Bishop's activity is
much more important than b7 pawn;} 22. Bxb7 Rb8 23. Ba6 (23. c6 Qf7 $17 {
[%cal Gf5f4,Gb8b7]}) 23... Rf7 $6 {Black could cause white immediate problems
over f-file by Qf7;} (23... Qf7 $142 $15 {[%cal Yf7f2,Gf5f4]}) 24. Nc2 Rd8 25.
b5 $2 {It was necessary to enter the knight to the game as soon as possible
complicating things on the board; Now black has time to develop strong attack
over the kingside;} (25. Ne3 $142 f4 26. Nxc4 e4 27. Qc2 e3 $1 28. Bxg7 exf2+
29. Kxf2 fxg3+ 30. Kxg3 Rxg7 31. Qe4 {with big mess on the board while white
looks ok;}) 25... Qe7 26. Qa5 (26. c6 $2 e4 $19 {[%cal Yg7a1]}) 26... f4 {
All white pieces are far from the kingside;} 27. c6 fxg3 28. hxg3 Qf6 29. Rf1 {
[%tqu "En","How can black use up the pressure on f2 weak spot?","","","d8d1",
"",10]} Rd1 $1 {[%mdl 64]} 30. Ne1 (30. Rxd1 Qxf2+ 31. Kh1 {[%tqu "En","","",
"","e6d5","",5]} Bd5+ 32. Rxd5 Qf1+ 33. Kh2 Rf2#) 30... Bf8 {Simplier was:} (
30... h5 $142 $5 {[%cal Gh5h4,Yg4g3]} 31. c7 h4 32. c8=Q+ Bxc8 33. Bxc8 hxg3
$19 {[%cal Gg3f2]}) 31. c7 Bc5 32. c8=Q+ Bxc8 33. Bxc8 h5 {[%cal Gh5h4,Yg4g3]}
(33... Bxf2+ 34. Kg2 Rxe1 35. Qxe1 $1 (35. Rxe1 Bxg3 $1 $19 {with mate in few
moves;}) 35... Bxe1 36. Rxf6 Rxf6 37. Bxe5 Rf2+ 38. Kg1 Rxe2 $19) 34. Kg2 {
[%tqu "En","Find out the killer!","","","f6f2","",10]} Qxf2+ $3 {[%mdl 192]}
35. Rxf2 Rxf2+ 36. Kh1 Rf1+ 37. Kh2 Rfxe1 {[%cal Ge1h1] White is forced to
give up queen for black rook to avoid immediate mate;} (37... Rdxe1 $4 38. Qd8+
) 38. Be6+ Kf8 39. Qxe1 Rxe1 40. Bxc4 Bd4 $19 {This ending is lost for white-
black rook is very powerful, and white got two weaknesses-"a4" and "e2", which
can not be saved;} 41. Ba3+ Kg7 42. Bd6 Ra1 43. Bb3 Kf6 44. Bc7 (44. Kg2 Rg1+
45. Kh2 Bf2 $19 {[%cal Gg1g3]}) 44... Bb6 45. Bd6 Rb1 46. Bc4 Rd1 47. Bf8 Rc1 {
That's it- white bishop can't guard both pawns simultaneously;} 48. Bd5 (48.
Bd3 Ra1 $19 {[%cal Ga1a4]}) 48... Rc2 {[%csl Re2]} 0-1

[Event "EU-chT (Men) 11th"]
[Site "Pula"]
[Date "1997.05.??"]
[Round "4.3"]
[White "Zagorskis, Darius"]
[Black "Schroll, Gerhard"]
[Result "1-0"]
[WhiteElo "2505"]
[BlackElo "2385"]
[Annotator "Tyomkin,D"]
[PlyCount "63"]
[EventDate "1997.05.05"]
[EventType "team-swiss"]
[EventRounds "9"]
[EventCountry "CRO"]
[SourceTitle "CBM 057 Extra"]
[Source "ChessBase"]
[SourceDate "1997.05.01"]
[SourceVersion "1"]
[SourceVersionDate "1997.05.01"]
[SourceQuality "1"]
[WhiteTeam "Lithuania"]
[BlackTeam "Austria"]
[WhiteTeamCountry "LTU"]
[BlackTeamCountry "AUT"]

1. d4 f5 2. g3 Nf6 3. Bg2 g6 4. b3 Bg7 5. Bb2 O-O 6. Nf3 c6 7. O-O d5 8. c4 Kh8
9. Nbd2 Be6 10. Qc2 Nbd7 11. Rac1 $1 $146 {+/=} (11. Rad1 Bg8 12. Ne1 a5 13. a4
Ne4 14. Ndf3 (14. Nd3 $5 {[%csl Yf4]}) (14. e3 $5 {[%csl Yf4]}) 14... f4 15.
Nd3 fxg3 16. hxg3 g5 17. Nd2 $6 (17. Nfe5 $142 Ndf6 18. Nc5 $36 {()}) 17...
Nxd2 18. Rxd2 e6 19. e4 Qe8 {[%cal Ge8g6,Gh7h5]} 20. e5 h5 $132 {Gavrikov,
V-Mellado,J/Barcelona 1993/1/2-1/2 (51)}) 11... Rc8 12. Rfd1 Bg8 13. Qb1 Ne4
14. e3 Ndf6 $6 {gives white full control over"e5",and it helps white to
capture c-file later} (14... Qb6 $5) 15. Ne5 Be6 $2 (15... Nxd2 {Black should
change one N to reduce a pressure} 16. Rxd2 Ne4 17. Rdc2 Bxe5 18. dxe5 Be6 19.
f3 Ng5 20. h4 Nf7 21. cxd5 Qxd5 22. Rd1 $14 {/+/-}) 16. Nd3 $16 g5 (16... Nxd2
17. Rxd2 Ne4 18. Rdc2 $16 {[%cal Gf2f3,Yd3c5] <->c}) 17. Nf3 {[%cal Gf3e5]} Re8
18. Nfe5 Nd7 19. cxd5 cxd5 (19... Bxd5 20. f3 Nd6 21. Nc5 $16 {[%cal Ge3e4]})
20. Rxc8 Qxc8 21. Rc1 {c-file actually decides a game} Qb8 22. Ba3 $1 {[%csl
Re7]} Bf6 23. Qc2 Rd8 (23... Nxe5 24. dxe5 Rc8 25. Qd1 $16) 24. Qc7 Qa8 (24...
Qxc7 25. Rxc7 Nd6 26. Bxd6 exd6 27. Nxd7 Rxd7 28. Rxd7 $16) 25. Nxd7 Bxd7 $4 (
25... Rxd7 $142 26. Qc8+ Qxc8 27. Rxc8+ Kg7 28. f3 Nd6 29. Ra8 {[%cal Gd3c5]}
b6 (29... Nb5 30. Bb4 Rc7 31. a4 $16) 30. Bxd6 exd6 31. Rc8 $16 {[%csl Rd5,Rd6,
Re6,Rf6][%cal Gc8c1,Gc1c8] _|_ Black bishops are passive,and pawns are
vulnerable}) 26. f3 $18 (26. Ne5 {also leeds to winning position} Be6 27. Bxe7
(27. Bxe4 Rc8 (27... fxe4 28. Bxe7 $18) 28. Nf7+ (28. Bxe7 {-see27.Be7}) 28...
Kg8 (28... Kg7 29. Nxg5 $3 Bxg5 30. Qe5+ Bf6 31. Qxe6 $18) 29. Nh6+ Kg7 (29...
Kf8 30. Bxe7+ $3 Bxe7 31. Qe5 Rxc1+ 32. Kg2 $18) 30. Nxf5+ Bxf5 31. Bxf5 Rxc7
32. Rxc7 $16) 27... Rc8 28. Bxe4 Bxe7 (28... Bg7 29. Nf7+ Kg8 30. Qxc8+ $3 Bxc8
31. Bxd5 $18) (28... Rxc7 29. Bxf6+ Rg7 (29... Kg8 30. Rxc7 fxe4 31. Rg7+ Kf8
32. Nd7+ Ke8 (32... Bxd7 33. Rxd7 $18 {[%cal Gd7d8] P_|_}) 33. Re7+ Kd8 34. Nc5
$18) 30. Rc7 fxe4 31. Rxg7 $18) 29. Qxe7 Rxc1+ 30. Kg2 $18) 26... Nd6 27. Bxd6
exd6 28. Qxd6 {1-0} {[28...} Bg7 29. Rc7 Bb5 30. Qe7 Rg8 31. Ne5 Be8 32. Bh3 {]
} 1-0